000 00899na a2200265 4500
001 17171
003 MIRAKIL
005 20181213154821.0
008 161023b tu 000 0
020 _a978975002292
040 _aMilas
_btur
_cTR-AnCHP
041 _atur
082 _a750.74
_bŞ24 2013
090 _a750.74 Ş24 2013
245 _aSAKÜDER Cumhuriyet'in kuruluşunun 90.yılında 3. Uluslararası sanat buluşması resim sergisi kataloğu
_cEditör Nur Gökbulut
246 _aSAKÜDER resim sergisi kataloğu
260 _aAnkara
_bSAKÜDER Kültür Yayınları
_c2013
300 _a175 s.
_brnkl. res. ; fotg.
_c30 sm.
440 _aResim Kataloğu
_v5
490 _aSaküder Kültür Yayınları
_v11
500 _aYapıt SAKÜDER yön. kur. baş. Ali Eser tarafından imzalıdır.
650 _aResim
_xSergiler
_zTürkiye
700 _aGökbulut, Nur
942 _2dcc
_cBKS
999 _c1367
_d1367